Teória a prax účtovania, vykonávania a využitia inventarizácie vo vybranej organizácii bakalárska práca

Guardado en:
Detalles Bibliográficos
Autor principal: Varga, Tomáš
Autor Corporativo: Národohospodárska fakulta EU. Katedra financií
Otros Autores: Staríčková, Zuzana
Formato: Libro
Lenguaje:eslovaco
Publicado: Bratislava 2010
Etiquetas: Agregar Etiqueta
Sin Etiquetas, Sea el primero en etiquetar este registro!

MARC

LEADER 00000nam$a2200000$$$4500
001 0136513
005 20240320074536.9
041 0 |a slo 
044 |a SK 
245 1 0 |a Teória a prax účtovania, vykonávania a využitia inventarizácie vo vybranej organizácii  |b bakalárska práca  |c Tomáš Varga ; školiteľ: Zuzana Staríčková 
264 1 |a Bratislava  |c 2010 
300 |a 32 s. 
100 1 |a Varga, Tomáš 
700 1 |a Staríčková, Zuzana 
710 2 |a Národohospodárska fakulta EU. Katedra financií